000 02430cam a22005414i 4500
003 PE-LiUPU
005 20250731173517.0
008 150616s r 000 0 d
020 _a0830817719
035 _a(Sirsi) i9780830817719
040 _aPE-LiUPU
_bspa
_cPE-LiUPU
_erda
049 _aPRUA
082 0 4 _a253.7
_bI26
_221
100 1 _aIcenogle, Garet Weldon,
_d1949,
_eautor.
245 1 0 _aBiblical foundations for small group ministry :
_ban integrational Approach? /
_cGareth Weldon Icenogle.
264 1 _aDowners Grove, Illinois :
_bInter Varsity Press,
_c1994.
300 _a396 páginas ;
_c22 centímetros
336 _atext
_2rdacontent
337 _aunmediated
_2rdamedia
338 _avolume
_2rdacarrier
505 0 _aOld testament foundations for small group ministry.- Jesus'small groups: Gospel foundations for small group ministry.- The church as multiple groups: Apostolic foundations for small group ministry.
526 _aSEG42
526 _aSEG41
526 _aSEG40
526 _aSEG39
526 _aP94
526 _aP87
526 _aP86
526 _aP85
526 _aP77
526 _aP76
526 _aP35
650 0 4 _aGrupos pequeños
_xIASD.
650 0 4 _aPequeños grupos.
910 _ajck
_bjvq
_cjck
942 _2ddc
_cBOOK
949 _a253.7 I26
_wDEWEY
_c1
_i41786
_lCCODEBUL1
_mBUL
_r0
_sY
_tBOOK
_u2015-4-23
_xTEOLOGIA
_zUNKNOWN
_0COMPRA
_o.STAFF. Colección General
949 _a253.7 I26
_wDEWEY
_c2
_i42143
_lCCODEBUL1
_mBUL
_r0
_sY
_tBOOK
_u2015-4-23
_xTEOLOGIA
_zUNKNOWN
_0COMPRA
_o.STAFF. Colección General
949 _a253.7 I26
_wDEWEY
_c3
_i54269
_lCCODEBUL1
_mBUL
_p20.00
_r0
_sY
_tBOOK
_u2015-6-16
_xTEOLOGIA
_zUNKNOWN
_0COMPRA
_o.STAFF. Colección General
994 _aC0
_bPEPRU
596 _a1
999 _a253.7 I26
_wDEWEY
_c59450
_i41786
_f2021-11-10
_g5
_lCCODEBUL1
_mBUL
_r0
_sY
_tBOOK
_u2015-4-23
_xTEOLOGIA
_zUNKNOWN
_0COMPRA
_o.STAFF. Colección General
_d59450
999 _a253.7 I26
_wDEWEY
_c2
_i42143
_f2021-11-10
_g5
_lCCODEBUL1
_mBUL
_r0
_sY
_tBOOK
_u2015-4-23
_xTEOLOGIA
_zUNKNOWN
_0COMPRA
_o.STAFF. Colección General
999 _a253.7 I26
_wDEWEY
_c3
_i54269
_f2021-11-10
_g5
_lCCODEBUL1
_mBUL
_p20.00
_r0
_sY
_tBOOK
_u2015-6-16
_xTEOLOGIA
_zUNKNOWN
_0COMPRA
_o.STAFF. Colección General
980 _81
_gALBERTO SANCHEZ Responsable de Automatización